Designing and Reporting Experiments in Psychology (Record no. 8120)
[ view plain ]
| 000 -LEADER | |
|---|---|
| fixed length control field | 01240cam a22002054a 4500 |
| 005 - ΗΜΕΡΟΜΗΝΙΑ ΚΑΙ ΩΡΑ ΤΕΛΕΥΤΑΙΑΣ ΕΝΗΜΕΡΩΣΗΣ | |
| Πεδίο ελέγχου | 20250605164327.0 |
| 008 - FIXED-LENGTH DATA ELEMENTS--GENERAL INFORMATION | |
| Πεδίο ελέγχου σταθερού μήκους | 250528s ||||||||||||||||||||||||d |
| 035 ## - SYSTEM CONTROL NUMBER | |
| System control number | 23090 |
| 020 ## - ISBN | |
| ISBN | 335201466 |
| 040 ## - ΠΗΓΗ ΚΑΤΑΛΟΓΟΓΡΑΦΗΣΗΣ | |
| Φορέας πρωτότυπης καταλογογράφησης | MC Athens Campus Library |
| Γλώσσα καταλογογράφησης | Ελληνικά, Μοντέρνα (1453-) |
| Modifying agency | MC Athens Campus Library |
| Κανόνες περιγραφικής καταλογογράφησης | AACR2 |
| 245 1# - ΤΙΤΛΟΣ ΚΑΙ ΔΗΛΩΣΗ ΥΠΕΥΘΥΝΟΤΗΤΑΣ | |
| Τίτλος | Designing and Reporting Experiments in Psychology |
| 250 ## - EDITION STATEMENT | |
| Edition statement | 2nd |
| 260 ## - PUBLICATION, DISTRIBUTION, ETC. | |
| Name of publisher, distributor, etc. | Open University Press, |
| Date of publication, distribution, etc. | 2005 |
| 300 ## - PHYSICAL DESCRIPTION | |
| Extent | 232 |
| 520 ## - SUMMARY, ETC. | |
| Summary, etc. | This book offers expanded advice and updated guidelines to students on designing and writing reports of experimental and other studies in psychology. Preface, Some Preliminaries, The Introduction, The Method, The Results, The Discussion, The Title and Abstract, References and Appendices, Producing the Final Version of the Report, Designing Experiments, Experimenting in Psychology, Experimenting Decining, Statistics: Significance Testing, Statistics: Effect Size and Power, Experimental Design, Commentary, Appendices, Confusing Predictions from the Null Hypothesis with those from the Experimental Hypothesis, Randomizing, How to Use Tables of Critical Values of Inferential Statistics, Answers to SAQs, References, Index of Concepts. |
| 700 1# - ΠΡΟΣΘΕΤΗ ΑΝΑΓΡΑΦΗ--ΦΥΣΙΚΟ ΠΡΟΣΩΠΟ | |
| Personal name | Harris Peter |
| 9 (RLIN) | 918 |
| 942 ## - ADDED ENTRY ELEMENTS (KOHA) | |
| Koha item type | Books |
| Τύπος τεκμηρίου | Βιβλιοθήκη | Τρέχουσα τοποθεσία | Barcode | Αριθμός εισαγωγής | Ημερομηνία απόκτησης | Ταξιθετικό σύμβολο | Αριθμός αντιτύπου | Κατάσταση απόσυρσης | Κατάσταση χαμένου | Κατάσταση κατεστραμμένου | Μη δανεισμός | Σύνολο δανεισμών | Ημερομηνία τελευταίας εμφάνισης | Η τιμή ισχύει από |
|---|---|---|---|---|---|---|---|---|---|---|---|---|---|---|
| Books | MC Athens Campus Library | MC Athens Campus Library | 9780000081193 | 7504 | 05/06/2025 | 150/.7.24 HAR | 1 | 05/06/2025 | 05/06/2025 |